| 000 | 00458nam a2200181Ia 4500 | ||
|---|---|---|---|
| 001 | 43192 | ||
| 008 | 140425s9999 xx 000 0 und d | ||
| 020 | _aNA | ||
| 040 | _cPK-LaUMT | ||
| 082 |
_aRHC 327.16 _bARS-T |
||
| 100 | _aArshad Mahmood | ||
| 245 |
_aTanaazoah Siyaachin (Urdu) _cArshad Mahmood |
||
| 260 |
_aLahore,Pakistan: _bDaruttazkeer, _c2001 |
||
| 300 | _a144 p. | ||
| 546 | _aUR | ||
| 650 | _aIndia-Foreign relations-Pakistan | ||
| 942 | _cBK | ||
| 999 |
_c41202 _d41202 |
||